Eldest Serie A Scorers - Statistics

General Stats
  • This quiz has been taken 18 times
  • The average score is 6 of 20
Answer Stats
Position Age Date Team Player % Correct
#01 41 years, 5 months and 5 days 18/03/2023 Milan Zlatan Ibrahimović
100%
#12 38 years and 348 days 08/05/2016 Hellas Verona Luca Toni
78%
#07 39 years and 278 days 30/03/2008 Milan Paolo Maldini
78%
#05 39 years and 364 days 25/09/2016 Roma Francesco Totti
72%
#15 38 years and 245 days 03/10/2021 Sampdoria Fabio Quagliarella
67%
#17 38 years and 215 days 15/05/2016 Udinese Antonio di Natale
61%
#14 38 years and 278 days 13/05/2012 Milan Filippo Inzaghi
50%
#02 41 years and 25 days 19/05/2007 Milan Alessandro Costacurta
39%
#13 38 years and 328 days 29/05/2005 Cagliari Gianfranco Zola
33%
#06 39 years and 290 days 27/01/2019 Chievo Sergio Pellissier
22%
#10 39 years and 101 days 17/05/2021 Bologna Rodrigo Palacio
17%
#03 40 years and 131 days 07/02/1954 Novara Silvio Piola
11%
#09 39 years and 170 days 16/05/2021 Parma Bruno Alves
6%
#20 38 years and 96 days 19/05/2019 Empoli Matteo Brighi
6%
#16 38 years and 232 days 01/07/2020 SPAL Sergio Floccari
6%
#08 39 years and 246 days 21/09/1947 Pro Patria Carlo Reguzzoni
0%
#11 39 years and 88 days 08/01/2006 Udinese Nestor Sensini
0%
#18 38 years and 169 days 26/03/1961 Milan Nils Liedholm
0%
#19 38 years and 102 days 28/05/1950 Novara Pietro Ferraris
0%
#04 40 years and 47 days 23/05/1999 Piacenza Pietro Wierchowod
0%
No matching quizzes found
Score Distribution
Percent of People with Each Score
Percentile by Number Answered
Your Score History
You have not taken this quiz